000 01100nam a2200313 a 4500
001 000112553
003 CHAP
005 20220329144312.0
008 160616s2016 mx sm |||||||spa d
010 _a109014
011 _a109986
040 _cCHAP
090 _aTesis
100 1 _aEspinosa Guerrero, Edgar
_9130917
245 1 0 _aFlora arbórea de la Laguna Guadalupe, Putla Villa de Guerrero, Oaxaca
_h[En línea]
_cpor Edgar Espinosa Guerrero.
260 _aChapingo, Méx. :
_bEl autor,
_c2016.
500 _aPara ver el contenido del material haga clic en la liga
502 _aTesis (Ing. en Restauración Forestal) -- UACH. División de Ciencias Forestales
590 _aE5765TAJ
_b05
_c20160616
_lUCH01
_h0940
590 _aE5765TAJ
_b05
_c20160616
_lUCH01
_h0941
650 1 4 _aArbustos
_xIdentificación
_96729
650 1 4 _aBotánica forestal.
_914679
650 1 4 _aBotánica
_xClasificación.
_914516
650 1 4 _aFlores
_xIdentificación.
_941382
856 _aFinding aid
_uhttp://10.13.5.2/tesis/sist112553.pdf
_zTeclea aquí
901 _aBK
942 _cTESIS
942 _n0
999 _c109014
_d109014